[Event "World Blitz 2025"]
[Site "Doha QAT"]
[Date "2025.12.29"]
[Round "5.39"]
[White "Moussard, Jules"]
[Black "Daneshvar, Bardiya"]
[Result "1/2-1/2"]
[WhiteTitle "GM"]
[BlackTitle "GM"]
[WhiteElo "2600"]
[BlackElo "2600"]
[WhiteFideId "642908"]
[BlackFideId "12576468"]
[EventDate "2025.12.29"]

1. e4 e5 2. Nf3 Nc6 3. Nc3 Nf6 4. a3 g6 5. Bc4 Bg7 6. d3 d6 7. O-O O-O 8. h3 h6
9. Be3 Kh7 10. d4 Qe7 11. Nd5 Nxd5 12. exd5 exd4 13. Nxd4 Nxd4 14. Bxd4 Qh4 15.
Bxg7 Kxg7 16. Qd3 Bf5 17. Qb3 b6 18. Bb5 a6 19. Bc6 Rad8 20. Rae1 Bd7 21. Bxd7
Rxd7 22. Re3 Re7 23. Rfe1 Rfe8 24. Qc3+ Kg8 25. b3 a5 1/2-1/2

[Event "World Blitz 2025"]
[Site "Doha QAT"]
[Date "2025.12.29"]
[Round "5.40"]
[White "Paravyan, David"]
[Black "Aravindh, Chithambaram VR."]
[Result "1-0"]
[WhiteTitle "GM"]
[BlackTitle "GM"]
[WhiteElo "2582"]
[BlackElo "2703"]
[WhiteFideId "4194985"]
[BlackFideId "5072786"]
[EventDate "2025.12.29"]

1. e4 b6 2. d4 Bb7 3. Nd2 e6 4. Ngf3 Nf6 5. Bd3 d5 6. e5 Ne4 7. Qe2 Nxd2 8. Bxd2
c5 9. c3 Be7 10. h4 h6 11. Rh3 Nc6 12. Kf1 Qc7 13. Rg3 g6 14. Kg1 O-O-O 15. Rc1
c4 16. Bc2 b5 17. a4 a6 18. b4 Kd7 19. Be3 Rdg8 20. Qd2 Bf8 21. Nh2 Be7 22. Rf3
Ke8 23. g3 h5 24. Bg5 Bxg5 25. Qxg5 Qe7 26. Rf6 Nb8 27. Ra1 Kd7 28. Nf3 Nc6 29.
Qf4 Rg7 30. Ng5 Nd8 31. axb5 axb5 32. Ra5 Kc6 33. Qc1 Kb6 34. Ra1 Nc6 35. Qf4
Nd8 36. Kf1 Qc7 37. Ke2 Re8 38. Kd2 Re7 39. f3 Bc6 40. g4 Qb8 41. gxh5 gxh5 42.
Rh6 Ra7 43. Rxa7 Qxa7 44. Rh8 Qa1 45. Qf6 Nb7 46. Qxg7 Qg1 47. Rc8 Bd7 48. Rb8
Qh2+ 49. Kc1 Qxh4 50. Kb2 Bc6 51. Nxf7 Ka7 52. Rxb7+ Kxb7 1-0

[Event "World Blitz 2025"]
[Site "Doha QAT"]
[Date "2025.12.29"]
[Round "5.41"]
[White "Sapenov, Daniyal"]
[Black "Lazavik, Denis"]
[Result "1-0"]
[WhiteTitle "IM"]
[BlackTitle "GM"]
[WhiteElo "2440"]
[BlackElo "2605"]
[WhiteFideId "13728911"]
[BlackFideId "13515110"]
[EventDate "2025.12.29"]

1. e4 c5 2. c3 Nf6 3. e5 Nd5 4. Bc4 Nb6 5. Bb3 Nc6 6. d4 cxd4 7. cxd4 d6 8. e6
fxe6 9. Nf3 g6 10. h4 Bg7 11. h5 Nd5 12. Nc3 Nxc3 13. bxc3 Qa5 14. Bd2 Bd7 15.
Qe2 O-O-O 16. Ng5 Qf5 17. Nxe6 Bf6 18. g4 Qa5 19. g5 Kb8 20. Nxd8 Bxg5 21. Bxg5
Qxc3+ 22. Kf1 Qxa1+ 23. Kg2 Qxd4 24. Nf7 Re8 25. Rh4 Qc5 26. Qe3 Qa5 27. h6 Bf5
28. Bf4 Bd7 29. Bg3 Qf5 30. Ng5 Rh8 31. Qc3 e5 32. Nf7 Re8 33. Nxd6 Qf8 34. Nxe8
Qxe8 35. Ba4 Ka8 36. Bxc6 Bxc6+ 37. Kh2 e4 38. Qe5 Qd8 39. Qb8+ Qxb8 40. Bxb8
Kxb8 41. Rf4 Kc7 42. Rf7+ 1-0

[Event "World Blitz 2025"]
[Site "Doha QAT"]
[Date "2025.12.29"]
[Round "5.42"]
[White "Dau Khuong Duy"]
[Black "Santos Latasa, Jaime"]
[Result "1/2-1/2"]
[WhiteTitle "IM"]
[BlackTitle "GM"]
[WhiteElo "2489"]
[BlackElo "2616"]
[WhiteFideId "12424722"]
[BlackFideId "2293307"]
[EventDate "2025.12.29"]

1. e4 c5 2. Nf3 e6 3. d4 cxd4 4. Nxd4 a6 5. Bd3 Bc5 6. Nb3 Ba7 7. Qe2 Nc6 8. Be3
Bxe3 9. Qxe3 d6 10. N1d2 Nf6 11. O-O O-O 12. c3 Qc7 13. f4 b5 14. Kh1 Rb8 15.
Nf3 a5 16. e5 Ng4 17. Qe2 dxe5 18. Bxh7+ Kxh7 19. Ng5+ Kg8 20. Qxg4 g6 21. fxe5
Qxe5 22. Rae1 Qg7 23. Nc5 Ne7 24. Qf4 Ra8 25. Nge4 Nd5 26. Qd6 Ra7 27. Rf3 f5
28. Nxe6 Bxe6 29. Qxe6+ Qf7 30. Ng5 Qxe6 31. Rxe6 Rf6 32. Re5 Rd7 33. Rd3 Rfd6
34. h3 Nf4 35. Rxd6 Rxd6 36. Rxb5 Rd2 37. g3 Ne2 38. Rb6 Nxg3+ 39. Kg1 f4 40.
Rxg6+ Kf8 41. Rf6+ Kg7 42. Rb6 a4 43. Ne6+ Kf6 44. Nxf4+ Kf5 45. Rb4 a3 46. bxa3
Rxa2 47. a4 Ne4 48. Nd5 Ng5 49. Kf1 Nxh3 50. Ke1 Ke5 51. Ne3 Nf4 52. Kd1 Nd3 53.
Rd4 Nb2+ 54. Kc2 Nxa4+ 55. Kb3 Nxc3 56. Rh4 Re2 57. Nc4+ Kf6 58. Kxc3 Re7 59.
Rh5 Kg6 60. Rb5 Kf6 61. Kd4 Kg6 62. Ne5+ Kf6 63. Ke4 Ra7 64. Rb6+ Kg5 65. Rg6+
Kh5 66. Rg2 Kh6 67. Kf5 Kh7 68. Kf6 Ra6+ 69. Ke7 Ra7+ 70. Nd7 Rb7 71. Ke6 Ra7
72. Rg3 Ra6+ 73. Kf7 Kh6 74. Rg2 Kh5 75. Nf6+ Kh4 76. Rg4+ Kh3 77. Rg8 Ra3 78.
Ke6 Rg3 79. Rc8 Rf3 80. Ne4 Rf1 81. Rg8 Kh2 82. Ke5 Rf3 83. Nd2 Rf2 84. Nc4 Rg2
85. Rh8+ Kg1 86. Ne3 Rg7 87. Rf8 Re7+ 88. Kd4 Kh2 89. Rg8 Kh3 90. Nf5 Re1 91.
Kd3 Kh2 92. Nd4 Re7 93. Nf5 Re5 94. Ne3 Re7 95. Ke2 Rf7 96. Ng4+ Kh3 97. Ke3
Re7+ 98. Kf4 Rf7+ 99. Ke4 Rf1 100. Ne5 Rf6 101. Nf3 Rf4+ 102. Ke3 Re4+ 103. Kf2
Re2+ 104. Kf1 Rf2+ 105. Kxf2 1/2-1/2

[Event "World Blitz 2025"]
[Site "Doha QAT"]
[Date "2025.12.29"]
[Round "5.43"]
[White "Dardha, Daniel"]
[Black "Oro, Faustino"]
[Result "0-1"]
[WhiteTitle "GM"]
[BlackTitle "IM"]
[WhiteElo "2603"]
[BlackElo "2503"]
[WhiteFideId "240990"]
[BlackFideId "20000197"]
[EventDate "2025.12.29"]

1. e4 e5 2. Nf3 Nc6 3. Be2 Nf6 4. d3 Bc5 5. Nxe5 Nxe5 6. d4 Qe7 7. dxc5 Nxe4 8.
O-O O-O 9. Be3 Nxc5 10. Nc3 d6 11. b4 Ncd7 12. Nd5 Qd8 13. f4 Nc6 14. f5 Ne7 15.
Nc3 f6 16. Bc4+ Kh8 17. Qh5 Qe8 18. Qh3 Ne5 19. Bb3 g6 20. Bh6 Bxf5 21. Qg3 Qc6
22. Bxf8 Rxf8 23. a3 Bd3 24. Nd5 Bxf1 25. Nxe7 Qd7 26. Nxg6+ hxg6 27. Rxf1 Kg7
28. h3 c5 29. Bd5 cxb4 30. axb4 Qb5 31. Qb3 Qb6+ 32. Kh1 Rc8 33. c4 Qd4 34. Qa4
Rf8 35. Rd1 Qf2 36. Bxb7 Nxc4 37. Qd7+ Rf7 38. Qc6 Ne5 39. Qd5 Qb6 40. Bc8 Qxb4
41. Qxd6 Qxd6 42. Rxd6 Rc7 43. Be6 Rc6 44. Rxc6 Nxc6 45. Kg1 Nd4 46. Bd7 f5 47.
Kf2 Kf6 48. Ke3 Ke5 49. h4 f4+ 50. Kd3 Nf5 51. h5 gxh5 52. Ke2 Nd4+ 53. Kd3 Ne6
54. Be8 h4 55. Ke2 Kf5 56. Bd7 Ke5 57. Kf3 Nc5 58. Bc6 a5 59. Kg4 a4 60. Bb5 a3
61. Bc4 Ne4 62. Kxh4 Kd4 63. Ba2 Nc3 64. Bb3 a2 65. Bxa2 Nxa2 66. g4 f3 0-1

[Event "World Blitz 2025"]
[Site "Doha QAT"]
[Date "2025.12.29"]
[Round "5.44"]
[White "Amin, Bassem"]
[Black "Movahed, Sina"]
[Result "0-1"]
[WhiteTitle "GM"]
[BlackTitle "GM"]
[WhiteElo "2626"]
[BlackElo "2596"]
[WhiteFideId "10601457"]
[BlackFideId "42520835"]
[EventDate "2025.12.29"]

1. Nf3 Nf6 2. g3 g6 3. Bg2 Bg7 4. O-O O-O 5. c4 d6 6. Nc3 e5 7. d3 Re8 8. e4 Na6
9. h3 c6 10. Be3 Nc7 11. d4 exd4 12. Nxd4 d5 13. exd5 cxd5 14. c5 Rxe3 15. fxe3
Qe7 16. Qf3 Qxc5 17. Rac1 Qe7 18. g4 h6 19. Kh1 Bd7 20. e4 dxe4 21. Nxe4 Nfd5
22. Rfd1 Rd8 23. Rd2 Ne6 24. Nxe6 Bxe6 25. Nc5 Rc8 26. Rxd5 Bxd5 27. Qxd5 b6 28.
Qb7 Rc7 29. Qa8+ Kh7 30. Qe4 Qg5 31. Rf1 Qxc5 32. b3 Qd6 33. Qd5 Qe7 34. Qe4 Qa3
35. Qe2 Qd6 36. Qe4 Bf6 37. Qf4 Be5 38. Qe4 Kg7 39. Qd5 Qe7 40. Re1 Rc5 41. Qd3
Qc7 42. Qf3 Rc1 43. Qe4 Rxe1+ 44. Qxe1 Bf6 45. Bd5 Qf4 46. Qe2 Be5 47. Bc4 Qg3
48. Qg2 Qe3 49. Qf1 Bf6 50. Kg2 Qe5 51. a4 h5 52. Qf3 h4 53. Qd5 Qg3+ 54. Kf1
Qxh3+ 55. Ke1 Qe3+ 56. Kf1 Qf4+ 57. Ke1 Be5 58. g5 0-1

[Event "World Blitz 2025"]
[Site "Doha QAT"]
[Date "2025.12.29"]
[Round "5.45"]
[White "Christiansen, Johan-Sebastian"]
[Black "Drygalov, Sergey"]
[Result "0-1"]
[WhiteTitle "GM"]
[BlackTitle "GM"]
[WhiteElo "2655"]
[BlackElo "2571"]
[WhiteFideId "1512668"]
[BlackFideId "24171743"]
[EventDate "2025.12.29"]

1. e4 c5 2. Nf3 d6 3. Nc3 Nf6 4. e5 dxe5 5. Nxe5 a6 6. Be2 e6 7. Bf3 Be7 8. O-O
O-O 9. a4 Qc7 10. Nc4 Nc6 11. a5 Nd4 12. Nb6 Rb8 13. d3 h6 14. Re1 Rd8 15. g3
Bd7 16. Nxd7 Qxd7 17. Bg2 Bd6 18. b3 Rbc8 19. Na4 Qe7 20. Nb6 Rb8 21. c3 Nb5 22.
Qc2 Bc7 23. Nc4 Nd6 24. Ne3 Qd7 25. Bb2 Nb5 26. Red1 Rdc8 27. Nc4 Rd8 28. Ne3
Rdc8 29. Qe2 Rd8 30. h4 Be5 31. Qc2 Bc7 32. Nc4 Rdc8 33. Qe2 Nd5 34. Qe1 Qd8 35.
Qd2 Qf6 36. Rdc1 Rd8 37. Ra4 Qe7 38. Raa1 Qf6 39. Ra4 Qe7 40. Ra2 Nf6 41. Raa1
Nd5 42. Re1 Qf6 43. Rec1 Ne7 44. Ne3 Nc6 45. Bxc6 bxc6 46. Nc4 Qf3 47. Rd1 Qd5
48. Qc2 Nd6 49. Ra4 Nf5 50. Qe2 Rxb3 51. Ba1 Rdb8 52. Ra2 Rb1 53. Rd2 Bxg3 54.
fxg3 Nxg3 55. Qg2 Nf5 56. Qxd5 exd5 57. Nb6 Rxd1+ 58. Rxd1 Re8 59. Kf2 Nxh4 60.
Na4 g5 61. Nxc5 f5 62. c4 f4 0-1

[Event "World Blitz 2025"]
[Site "Doha QAT"]
[Date "2025.12.29"]
[Round "5.46"]
[White "Anwoir, Tarik"]
[Black "Sevian, Samuel"]
[Result "0-1"]
[BlackTitle "GM"]
[WhiteElo "2098"]
[BlackElo "2688"]
[WhiteFideId "9004904"]
[BlackFideId "2040506"]
[EventDate "2025.12.29"]

1. e4 c5 2. Nf3 d6 3. Bb5+ Nc6 4. Bxc6+ bxc6 5. h3 Qc7 6. O-O g6 7. Re1 Bg7 8.
d3 f6 9. Nbd2 Nh6 10. Nc4 Nf7 11. Rb1 O-O 12. a4 e5 13. Ne3 Be6 14. b3 f5 15.
exf5 gxf5 16. Nd2 Kh8 17. Ndf1 f4 18. Nc4 Rae8 19. Bb2 Ng5 20. Qh5 Bf6 21. Nh2
Rg8 22. Kh1 Bf7 23. Qe2 Rg6 24. Nd2 Reg8 25. Rg1 Qd7 26. Ne4 Nxe4 27. dxe4 Rg5
28. f3 R5g6 29. Bc3 h5 30. b4 cxb4 31. Bxb4 Kh7 32. Rbd1 Bh4 33. Rd2 Qxh3 34.
Rdd1 Qd7 35. c4 Bg3 36. c5 Qe7 0-1

[Event "World Blitz 2025"]
[Site "Doha QAT"]
[Date "2025.12.29"]
[Round "5.47"]
[White "Sarana, Alexey"]
[Black "Volokitin, Andrei"]
[Result "1-0"]
[WhiteTitle "GM"]
[BlackTitle "GM"]
[WhiteElo "2673"]
[BlackElo "2619"]
[WhiteFideId "24133795"]
[BlackFideId "14107090"]
[EventDate "2025.12.29"]

1. d4 Nf6 2. c4 e6 3. Nf3 d5 4. Nc3 Bb4 5. Qa4+ Nc6 6. Bd2 dxc4 7. Ne5 Bd7 8.
Nxc6 Bxc3 9. Nxd8 Bxd2+ 10. Kxd2 Bxa4 11. Nxb7 Ne4+ 12. Ke3 Rb8 13. Na5 Nd6 14.
b3 Kd7 15. Nxc4 Nxc4+ 16. bxc4 Rb2 17. g4 Bc6 18. Rg1 Rhb8 19. Kd3 R8b4 20. Kc3
a5 21. g5 Be4 22. Rc1 Rxa2 23. f3 Ra3+ 24. Kd2 Rb2+ 25. Ke1 Rb1 26. Rxb1 Bxb1
27. Kd2 a4 28. Bh3 Bg6 29. d5 Ra2+ 30. Ke3 a3 31. Rd1 Ke7 32. c5 Rc2 33. d6+
cxd6 34. Rxd6 Rxc5 35. Ra6 Rc3+ 36. Kd4 Rb3 37. Bg4 Bb1 38. Kc4 Re3 39. Kd4 Rxe2
40. Rxa3 Rxh2 41. Ra7+ Kf8 42. Ra8+ Ke7 43. Ra7+ Kd6 44. Ra6+ Kc7 45. Ra7+ Kd6
46. Ra6+ Kc7 47. Ra7+ Kc6 48. Rxf7 Bf5 49. Bxf5 exf5 50. Rxg7 Kd6 51. Rf7 Rh4+
52. Ke3 Ke5 53. Re7+ Kd6 54. Ra7 Ke6 55. f4 Rh1 56. Ra6+ Kd5 57. Ra5+ Ke6 58.
Re5+ Kf7 59. Rxf5+ Kg7 60. Rf6 h6 61. Rxh6 Rxh6 62. gxh6+ Kxh6 63. Ke4 Kg6 64.
Ke5 Kg7 65. Ke6 Kg6 66. f5+ Kg7 67. Ke7 1-0

[Event "World Blitz 2025"]
[Site "Doha QAT"]
[Date "2025.12.29"]
[Round "5.48"]
[White "Maghsoodloo, Parham"]
[Black "Grebnev, Aleksey"]
[Result "1-0"]
[WhiteTitle "GM"]
[BlackTitle "GM"]
[WhiteElo "2708"]
[BlackElo "2632"]
[WhiteFideId "12539929"]
[BlackFideId "34189030"]
[EventDate "2025.12.29"]

1. d4 Nf6 2. c4 e6 3. Nc3 Bb4 4. e3 d5 5. Qa4+ Nc6 6. Nf3 O-O 7. Qc2 b6 8. Be2
dxc4 9. Bxc4 Bb7 10. O-O Ne7 11. Be2 c5 12. Rd1 Qc8 13. a3 Bxc3 14. bxc3 cxd4
15. exd4 Ng6 16. a4 Qc7 17. c4 Rac8 18. Qb3 Rfd8 19. Bb2 Ng4 20. g3 Nf6 21. h3
Ne4 22. Ne1 Ng5 23. Qe3 Ne4 24. Rac1 Nf6 25. Qb3 Qc6 26. Bf3 Qd7 27. d5 exd5 28.
Bxf6 gxf6 29. Qb1 Ne5 30. Bg2 d4 31. f4 Bxg2 32. Nxg2 Nxc4 33. Kh2 Qd5 34. Qd3
Nb2 35. Rxc8 Rxc8 36. Qxd4 Qxd4 37. Rxd4 Rc2 38. g4 Nc4 39. Kg3 Rc3+ 40. Kh2 Rc2
41. Kg3 Kf8 42. Nh4 Rc3+ 43. Kf2 Ke8 44. Nf5 Na5 45. h4 Rc4 46. Nd6+ 1-0

[Event "World Blitz 2025"]
[Site "Doha QAT"]
[Date "2025.12.29"]
[Round "5.49"]
[White "Martirosyan, Haik M."]
[Black "Suyarov, Mukhammadzokhid"]
[Result "1-0"]
[WhiteTitle "GM"]
[BlackTitle "IM"]
[WhiteElo "2625"]
[BlackElo "2454"]
[WhiteFideId "13306553"]
[BlackFideId "14210495"]
[EventDate "2025.12.29"]

1. d4 d5 2. Nf3 Nf6 3. Bg5 e6 4. Nbd2 Be7 5. e3 Nbd7 6. Bd3 c5 7. c3 h6 8. Bh4
b6 9. Ne5 Nxe5 10. dxe5 Nd7 11. Bxe7 Qxe7 12. f4 Bb7 13. O-O O-O 14. Qg4 f5 15.
exf6 Nxf6 16. Qg3 Bc6 17. Nf3 Be8 18. a4 a5 19. h3 Bh5 20. Ne5 Nd7 21. Ng4 Kh8
22. Bb5 Bxg4 23. hxg4 Nf6 24. Bd3 Ne4 25. Qh3 Kg8 26. Rad1 Rad8 27. Qf3 Nd6 28.
Bc2 Ne8 29. Qh3 e5 30. g5 Rd6 31. fxe5 Rxf1+ 32. Rxf1 Qxe5 33. Qf3 Qe7 34. gxh6
gxh6 35. Qg3+ Ng7 36. Rf5 c4 37. Re5 Re6 38. Rxd5 Rxe3 39. Qb8+ Ne8 40. Qf4 Re6
41. Bf5 Re1+ 42. Kh2 Ng7 43. Qxc4 Kf8 44. Bh3 Ne8 45. Rf5+ Nf6 46. Qc6 Kg7 47.
Qxb6 Re2 48. b4 axb4 49. cxb4 h5 50. Qd4 Qc7+ 51. Qf4 Qxf4+ 52. Rxf4 Ra2 53. a5
Nd5 54. Rd4 Ne3 55. Kg3 Kf6 56. Kf4 Nc2 57. Rc4 Ke7 58. a6 Kd6 59. b5 Ne1 60.
Rc6+ Ke7 61. Rc7+ Kd6 62. Rc6+ Ke7 63. Kg5 Nd3 64. Bc8 Nb4 65. Rc4 Nd5 66. Bb7
Rxg2+ 67. Kh4 Rd2 68. Bxd5 Rxd5 69. a7 Rd8 70. b6 Kd7 71. Rd4+ 1-0

[Event "World Blitz 2025"]
[Site "Doha QAT"]
[Date "2025.12.29"]
[Round "5.50"]
[White "Materia, Marco"]
[Black "Svane, Rasmus"]
[Result "1-0"]
[WhiteTitle "IM"]
[BlackTitle "GM"]
[WhiteElo "2497"]
[BlackElo "2608"]
[WhiteFideId "45150451"]
[BlackFideId "4657101"]
[EventDate "2025.12.29"]

1. d4 d5 2. c4 e6 3. Nf3 a6 4. cxd5 exd5 5. Nc3 Nf6 6. Bg5 Be6 7. e3 Nbd7 8. Bd3
c6 9. O-O Bd6 10. Bf4 Qc7 11. Qd2 O-O 12. h3 g6 13. Bxd6 Qxd6 14. b4 Qe7 15. a4
Rfc8 16. b5 cxb5 17. axb5 a5 18. Na4 Ne4 19. Qb2 Ng5 20. Nxg5 Qxg5 21. Kh2 Qe7
22. Rfc1 Qd6+ 23. Kg1 h5 24. Rc3 Rxc3 25. Qxc3 h4 26. Rc1 Qb4 27. Qa1 Qd6 28.
Nc5 b6 29. Na6 Nb8 30. Qc3 Nd7 31. Qc6 Qxc6 32. bxc6 Nf8 33. Nc7 Rc8 34. Nb5 a4
35. c7 Ra8 36. Rc3 Bd7 37. Na3 Ne6 38. Bb5 Bc8 39. Bc6 Ra5 40. Nb5 Kf8 41. Ra3
Ke7 42. Nc3 Nxc7 43. Rxa4 Kd6 44. Rxa5 bxa5 45. Ba4 Na8 46. Nb5+ Ke7 47. Na7 Bb7
48. Bc6 Bxc6 49. Nxc6+ Kd6 50. Nxa5 Nc7 51. Nb7+ Ke7 52. Kf1 Ne6 53. Na5 Ng5 54.
Nc6+ Kd6 55. Ne5 Ke6 56. Ke2 Ne4 57. f3 Nd6 58. Kd3 g5 59. e4 f6 60. Nc6 Nf7 61.
Nb4 dxe4+ 62. fxe4 Nh8 63. d5+ Kd6 64. Kd4 Ng6 65. Nd3 Ke7 66. Kc5 Kd7 67. d6
Nf8 68. Kd5 Ng6 1-0

[Event "World Blitz 2025"]
[Site "Doha QAT"]
[Date "2025.12.29"]
[Round "5.51"]
[White "Rodrigue-Lemieux, Shawn"]
[Black "Robson, Ray"]
[Result "0-1"]
[WhiteTitle "GM"]
[BlackTitle "GM"]
[WhiteElo "2517"]
[BlackElo "2650"]
[WhiteFideId "2620049"]
[BlackFideId "2023970"]
[EventDate "2025.12.29"]

1. c4 c5 2. g3 g6 3. Bg2 Bg7 4. Nc3 Nc6 5. Nf3 e6 6. d4 cxd4 7. Nb5 d5 8. cxd5
exd5 9. O-O Nge7 10. Nbxd4 O-O 11. Be3 Re8 12. Rc1 Nf5 13. Nxf5 Bxf5 14. Nd4
Nxd4 15. Bxd4 Bxd4 16. Qxd4 Rxe2 17. Bxd5 Be6 18. Qc4 Qxd5 19. Qxe2 Bh3 20. f4
Bxf1 21. Rxf1 Qxa2 22. f5 Qd5 23. f6 Qc5+ 24. Kh1 Qc6+ 25. Kg1 Re8 26. Qf2 a5
27. Rd1 h5 28. h4 Kh7 29. Kh2 Re6 30. Rf1 b5 31. Qf4 Re2+ 32. Rf2 Re1 33. Rf3
Qc2+ 34. Rf2 Re2 35. Rxe2 Qxe2+ 36. Kh1 Qxb2 37. Qd6 Qb1+ 38. Kh2 Qa2+ 39. Kh1
Qe6 40. Qd4 Qh3+ 41. Kg1 Qxg3+ 42. Kf1 Qf3+ 43. Ke1 Qg4 44. Qd8 Qxh4+ 45. Kf1
Qc4+ 46. Kg1 Qe6 47. Qxa5 Qxf6 48. Qxb5 Qf5 49. Qe8 h4 50. Kh2 g5 51. Qe7 Qf2+
52. Kh1 Qf3+ 53. Kh2 Qf4+ 54. Kh1 h3 55. Kg1 Qg3+ 56. Kf1 Qf3+ 57. Ke1 h2 0-1

[Event "World Blitz 2025"]
[Site "Doha QAT"]
[Date "2025.12.29"]
[Round "5.52"]
[White "Rapport, Richard"]
[Black "Sahidi, Samir"]
[Result "1-0"]
[WhiteTitle "GM"]
[BlackTitle "IM"]
[WhiteElo "2741"]
[BlackElo "2516"]
[WhiteFideId "738590"]
[BlackFideId "14936372"]
[EventDate "2025.12.29"]

1. e4 e5 2. Nf3 Nc6 3. Bc4 Nf6 4. d3 Bc5 5. c3 d6 6. h3 a6 7. Bb3 h6 8. Nbd2 O-O
9. Nf1 d5 10. exd5 Nxd5 11. Ng3 Re8 12. O-O Nf6 13. Be3 Qd6 14. Re1 Bxe3 15.
Rxe3 Be6 16. Ba4 b5 17. Bc2 Rad8 18. Qf1 Nd5 19. Ree1 Nf4 20. Ne4 Qe7 21. b4 f5
22. Nc5 Bd5 23. Re3 Qf6 24. Rae1 a5 25. a3 axb4 26. axb4 Kh8 27. g3 Ng6 28. d4
e4 29. Nd2 Rf8 30. Qxb5 Nce7 31. Nd7 Qg5 32. Nxf8 Rxf8 33. c4 f4 34. Nxe4 Qh5
35. Bd1 Qxh3 36. gxf4 Qh4 37. cxd5 Nxf4 38. Rg3 Nf5 39. Rg4 Nh3+ 40. Kh2 Qh5 41.
Rg3 1-0

[Event "World Blitz 2025"]
[Site "Doha QAT"]
[Date "2025.12.29"]
[Round "5.53"]
[White "Amar, Elham"]
[Black "Kobalia, Mikhail"]
[Result "1-0"]
[WhiteTitle "GM"]
[BlackTitle "GM"]
[WhiteElo "2592"]
[BlackElo "2537"]
[WhiteFideId "1533533"]
[BlackFideId "4119150"]
[EventDate "2025.12.29"]

1. e4 e5 2. Nc3 Nf6 3. d4 exd4 4. Qxd4 Nc6 5. Qd3 Bb4 6. Ne2 O-O 7. Bg5 h6 8.
Bh4 Be7 9. f4 d6 10. O-O-O Be6 11. Bxf6 Bxf6 12. Kb1 a6 13. Rg1 b5 14. g4 Bc4
15. Qd2 Re8 16. Ng3 Bxf1 17. Rgxf1 Na5 18. e5 dxe5 19. Qf2 Qc8 20. Nd5 Bd8 21.
fxe5 Qe6 22. Nf5 Nc4 23. Rfe1 Bg5 24. h4 Bd2 25. Nxc7 Bxe1 26. Rxe1 Qd7 27. Nxa8
Rxa8 28. b3 Na3+ 29. Kb2 b4 30. Qd4 Qc7 31. Rc1 a5 32. Nd6 Qc6 33. Nf5 Qc7 34.
Nd6 Qc6 35. Nf5 Qc7 36. g5 hxg5 37. hxg5 Rc8 38. c4 Qb7 39. Qd2 Qe4 40. Ne7+ Kf8
41. Nxc8 Qxe5+ 42. Rc3 bxc3+ 43. Qxc3 Qc5 44. Nb6 Qxb6 45. Kxa3 Qc5+ 46. Ka4
Qxg5 47. c5 Qg2 48. c6 Qxa2+ 49. Kb5 Qe2+ 50. Kb6 Qf2+ 51. Kb7 Qg2 52. Kb6 Qf2+
53. Qc5+ Qxc5+ 54. Kxc5 Ke7 55. Kb6 1-0

[Event "World Blitz 2025"]
[Site "Doha QAT"]
[Date "2025.12.29"]
[Round "5.54"]
[White "Erdogmus, Yagiz Kaan"]
[Black "Stefansson, Vignir Vatnar"]
[Result "1/2-1/2"]
[WhiteTitle "GM"]
[BlackTitle "GM"]
[WhiteElo "2658"]
[BlackElo "2519"]
[WhiteFideId "44599790"]
[BlackFideId "2308649"]
[EventDate "2025.12.29"]

1. d4 d5 2. c4 e6 3. Nc3 Nf6 4. cxd5 exd5 5. Bg5 c6 6. e3 Bd6 7. Bd3 O-O 8. Nge2
Re8 9. Bh4 a5 10. Qd2 Be7 11. f3 b5 12. Bf2 Ba6 13. Ng3 Nbd7 14. O-O b4 15. Nce2
Bxd3 16. Qxd3 c5 17. dxc5 Bxc5 18. b3 Qb6 19. Nf5 Ne5 20. Qd2 a4 21. Rac1 axb3
22. axb3 Qb5 23. Ned4 Bxd4 24. Qxd4 Rad8 25. Bg3 Qd3 26. Nxg7 Qxd4 27. exd4 Kxg7
28. Bxe5 Re6 29. f4 Kf8 30. f5 Ra6 31. Rc5 Ne4 32. Rb5 f6 33. Bc7 Rc8 34. Ba5
Rc2 35. Rxd5 Kg7 36. Re1 Nc3 37. Rd7+ Kh6 38. Bxb4 Raa2 39. Bf8+ Kg5 40. Rg7+
Kxf5 41. Bd6 Ne4 42. Bb8 Ng5 43. Rf1+ Ke6 44. Re1+ Kf5 45. Rf1+ Ke6 46. Re1+ Kf5
47. Rf1+ Ke6 48. g4 Rab2 49. Re1+ Kd5 50. Rd7+ Kc6 51. Rc7+ Kd5 52. Rxc2 Rxc2
53. Re3 Kxd4 54. Ba7+ Kd5 55. h4 Ne4 56. Rd3+ Ke5 57. Bb8+ Ke6 58. b4 Rb2 59.
Rd4 Nc3 60. Kf1 Nd5 61. Re4+ Kd7 62. Rd4 Ke6 63. Re4+ Kd7 64. Rd4 Ke6 65. Re4+ 1/2-1/2

[Event "World Blitz 2025"]
[Site "Doha QAT"]
[Date "2025.12.29"]
[Round "5.55"]
[White "Droin, Augustin"]
[Black "Mitrabha, Guha"]
[Result "0-1"]
[WhiteTitle "IM"]
[BlackTitle "GM"]
[WhiteElo "2480"]
[BlackElo "2508"]
[WhiteFideId "45105987"]
[BlackFideId "5057000"]
[EventDate "2025.12.29"]

1. e4 c6 2. Nf3 d5 3. d3 Nd7 4. exd5 cxd5 5. d4 Ngf6 6. Bd3 Nb8 7. h3 Nc6 8. c3
g6 9. O-O Bf5 10. Bf4 Bg7 11. Re1 O-O 12. Bf1 a6 13. a4 Be4 14. Nbd2 Bxf3 15.
Nxf3 e6 16. Bd3 Rc8 17. Ne5 Nxe5 18. Bxe5 Nd7 19. Bg3 Re8 20. a5 Nb8 21. Qb3 Qd7
22. Bc2 Nc6 23. Rec1 Bf6 24. Qa2 Bg5 25. Rd1 Qd8 26. Bd3 Bh4 27. Bh2 Qf6 28. Rd2
Bg5 29. Re2 Bf4 30. Bxf4 Qxf4 31. Re3 Kg7 32. Qa3 Qc7 33. h4 h5 34. g3 Rcd8 35.
Qc5 Rc8 36. Ra3 Red8 37. Be2 Rd6 38. Ra2 Qd8 39. Qa3 Ne7 40. Bd3 Nc6 41. Ra1 Rd7
42. Be2 Qc7 43. Kg2 Re7 44. Qc5 Ree8 45. Bd3 Qd8 46. Qa3 Rc7 47. Qa4 Qd6 48. Qa3
Qd7 49. Re2 Rcc8 50. Bc2 Qd8 51. Bd3 Qc7 52. Qc5 Qd7 53. Qb6 Kg8 54. Bc2 Rc7 55.
Ba4 Rec8 56. Re3 Qe7 57. Bxc6 Rxc6 58. Qb3 Qc7 59. Qa3 Rb8 60. Re2 Rc4 61. Re3
Qc6 62. Rf3 Qd7 63. Rf4 Rc6 64. Re1 b5 65. axb6 Rcxb6 66. Re2 Qb7 67. b4 Qc7 68.
Re3 Rc6 69. Rff3 Ra8 70. Re2 Kg7 71. Rfe3 a5 72. bxa5 Rxa5 73. Qb2 Ra8 74. Rf3
Rb6 75. Qd2 Ra1 76. Re1 Ra3 77. Ree3 Rb1 78. Re1 Rbb3 79. Ree3 Ra7 80. Rd3 Rb1
81. Qf4 Qxf4 82. Rxf4 Raa1 83. Kf3 Rb2 84. Kg2 Rc2 85. Rff3 Raa2 86. Rde3 Rd2
87. Kg1 Ra1+ 88. Kg2 Rdd1 89. Rf4 Rg1+ 90. Kf3 Ra3 91. Ke2 Rc1 92. Kd2 Rca1 93.
g4 R1a2+ 94. Ke1 hxg4 95. Rxg4 Rc2 96. Kf1 Rcxc3 97. Re5 Rf3 98. h5 Rf6 99. Reg5
Ra1+ 100. Kg2 Ra2 101. hxg6 Raxf2+ 102. Kg1 Rf1+ 103. Kg2 R6f2+ 104. Kg3 f6 105.
Rh5 Rg1+ 106. Kxf2 Rxg4 107. Kf3 0-1

[Event "World Blitz 2025"]
[Site "Doha QAT"]
[Date "2025.12.29"]
[Round "5.56"]
[White "Raja, Harshit"]
[Black "Ibarra Jerez, Jose Carlos"]
[Result "1-0"]
[WhiteTitle "GM"]
[BlackTitle "GM"]
[WhiteElo "2472"]
[BlackElo "2532"]
[WhiteFideId "5089000"]
[BlackFideId "2226332"]
[EventDate "2025.12.29"]

1. e4 c5 2. Nf3 Nc6 3. Bb5 e6 4. Bxc6 bxc6 5. b3 e5 6. Nxe5 Qe7 7. Bb2 d6 8. Nc4
d5 9. Ne3 d4 10. Nc4 Qxe4+ 11. Qe2 Qxe2+ 12. Kxe2 Be6 13. d3 O-O-O 14. Re1 Nf6
15. Kf1 Nd5 16. Nbd2 Nb4 17. a3 Nxc2 18. Rxe6 Nxa1 19. Rxc6+ Kb8 20. Bxa1 Rc8
21. Ra6 Kb7 22. Ra4 Be7 23. Ne4 Rhd8 24. b4 cxb4 25. axb4 f5 26. Ned2 Bg5 27.
Nb3 Kb8 28. Bxd4 Rd7 29. Be5+ Kb7 30. Nc5+ Rxc5 31. bxc5 Rxd3 32. f4 Be7 33. Bd6
Bf6 34. Ne5 Rd2 35. Rb4+ Ka6 36. Nc4 Rd5 37. c6 Bd8 38. c7 Bxc7 39. Bxc7 h6 40.
Nd6 Rd1+ 41. Ke2 Ra1 42. Nxf5 g6 43. Nxh6 g5 44. f5 g4 45. Rxg4 Rb1 46. f6 Rb4
47. f7 Rb2+ 48. Kd1 Rb4 49. f8=Q 1-0